Βρόμικος κόσμος Τσάρλς Μπουκόφσκι ; μετάφραση Έφη Καλλιφατίδη, Γιώργος Μπλάνας, Λουκάς Θεοδωρακόπουλος.

Αποθηκεύτηκε σε:
Λεπτομέρειες βιβλιογραφικής εγγραφής
Κύριος συγγραφέας: Bukowski, Charles
Μορφή: Βιβλίο
Γλώσσα:Greek
English
Δημοσίευση: [Αθήνα] : Δημοσιογραφικός Οργανισμός Λαμπράκη, c2012.
Σειρά:(Απαγορευμένα ερωτικά αριστουργήματα ; 5)
Ετικέτες: Προσθήκη ετικέτας
Δεν υπάρχουν, Καταχωρήστε ετικέτα πρώτοι!

MARC

LEADER 00000cam a2200000 a 4500
001 1/109763
008 160128s2012####gr | ||| |||||||gre||
020 |a 9789605031190 
040 |a GR-MyUa  |b gre  |c GR-MyUa  |e AACR2 
041 1 |a gre  |h eng 
082 7 |a 813   |2 (23)  
100 1 |a Bukowski, Charles. 
245 1 0 |a Βρόμικος κόσμος /   |b Τσάρλς Μπουκόφσκι ; μετάφραση Έφη Καλλιφατίδη, Γιώργος Μπλάνας, Λουκάς Θεοδωρακόπουλος.  
260 |a [Αθήνα] :   |b Δημοσιογραφικός Οργανισμός Λαμπράκη,   |c c2012.  
300 |a 278 σ. ;   |c 18 εκ.  
490 0 |a (Απαγορευμένα ερωτικά αριστουργήματα ;   |v 5) 
500 |a Τίτλος πρωτοτύπου: Hot water music.  
852 |a INST  |b SYROS  |e 20160128  |h 813 BUK  |p 005500011844  |q 005500011844  |t BK  |y 0 
970 |a Κοντού  |b Παρασκευή  |z 28/01/2016